[Event "46. Sparkassen Chess-Meeting 2018"]
[Site "Dortmund"]
[Date "2018.07.14"]
[Round "1.1"]
[White "Wojtaszek, Radoslaw"]
[Black "Meier, Georg"]
[Result "1/2-1/2"]
[WhiteElo "2733"]
[BlackElo "2628"]
[Annotator "TA"]
[PlyCount "61"]
[EventDate "2018.07.14"]
[EventType "tourn"]
[EventCountry "GER"]
[SourceTitle "playchess.com"]
[Source "ChessBase"]
[SourceQuality "1"]

{[%evp 10,61,17,21,27,0,0,0,-4,0,19,15,15,15,29,15,15,19,25,23,27,19,24,16,19,7,10,7,14,0,20,10,21,0,0,0,0,0,0,0,0,0,0,0,0,0,0,0,0,0,0,0,0,0]} 1. c4 b6 2. Nc3 Bb7 3. d4 e6 4. e4 Bb4 5. f3 Ne7 6. Bd3 {LiveBook: 26 Games. A40: Unusual replies to 1 d4} (6. a3 Bxc3+ 7. bxc3 d6 8. Bd3 Nbc6 9. Nh3 Qd7 10. O-O Na5 11. d5 c5 12. f4 O-O-O 13. Ng5 Ng6 {1-0 (26) Saduakassova,D (2484)-Ramirez Alvarez,A (2572) Saint Louis 2018}) 6... e5 7. Nge2 exd4 $1 8. Nxd4 Nbc6 9. Nde2 Ne5 10. a3 Bxc3+ 11. Nxc3 O-O $146 ({Predecessor:} 11... Nxd3+ 12. Qxd3 d6 13. b4 a5 14. b5 O-O {½-½ (50) Wimmer,R (2105)-Hassim,U (2270) ICCF email 2016}) 12. Bg5 {[%cal Bc1g5,Bg5h4,Bh4g3][%mdl 32]} f6 13. Bh4 N7g6 14. Bg3 Nxd3+ 15. Qxd3 d6 16. Nd5 Qd7 {The position is equal.} 17. O-O-O {[%cal Be1c1,Bc1c2,Bc2c3][%mdl 32]} Bxd5 18. Qxd5+ Qf7 19. Kc2 Ne7 20. Qxf7+ Kxf7 21. Kc3 a5 22. b3 Rfe8 23. Rd2 h5 24. h4 g6 25. Rhd1 Nc6 26. Rd5 Re6 27. Bf4 Ne7 28. R5d2 Nc6 29. Rd5 Ne7 30. R5d2 Nc6 31. Rd5 {Precision: White = 49%, Black = 83%.} 1/2-1/2

[Event "46. Sparkassen Chess-Meeting 2018"]
[Site "Dortmund"]
[Date "2018.07.14"]
[Round "1.2"]
[White "Duda, Jan-Krzysztof"]
[Black "Kovalev, Vladislav"]
[Result "1/2-1/2"]
[WhiteElo "2737"]
[BlackElo "2655"]
[Annotator "TA"]
[PlyCount "143"]
[EventDate "2018.07.14"]
[EventType "tourn"]
[EventCountry "GER"]
[SourceTitle "playchess.com"]
[Source "ChessBase"]
[SourceQuality "1"]

{[%evp 17,143,0,20,8,14,18,18,0,-10,0,-14,-10,18,0,19,16,22,11,25,20,44,44,39,44,34,38,29,35,34,33,32,22,36,41,51,43,58,43,28,43,39,39,62,37,36,25,27,38,51,53,53,46,64,58,65,65,77,0,0,0,17,0,12,10,40,41,49,41,41,17,29,8,29,18,30,10,32,42,53,11,45,50,91,82,85,80,82,47,50,42,55,44,40,43,39,45,58,31,33,27,33,0,0,0,51,39,45,52,45,13,19,12,15,14,15,15,17,14,43,43,43,7,7,0,43,0,7,0]} 1. d4 Nf6 2. c4 e6 3. Nc3 Bb4 4. Nf3 d5 5. e3 O-O 6. Bd3 b6 7. O-O Ba6 {E52: Nimzo-Indian: Rubinstein: 4...0-0 5 Nf3 d5 6 Bd3 b6} (7... Bb7 8. cxd5 exd5 9. a3 Bd6 10. b4 Nbd7 11. Qb3 a6 12. a4 c6 13. e4 dxe4 14. Nxe4 Nxe4 15. Bxe4 h6 16. Re1 Qc7 17. Bd2 {½-½ (17) Riazantsev,A (2662)-Kryvoruchko,Y (2705) Brest 2018}) 8. cxd5 exd5 9. Ne5 Bxd3 {LiveBook: 6 Games} (9... Re8 {feels hotter.} 10. Bxa6 Nxa6 11. Bd2 Bd6 12. f4 Bb4) 10. Nxd3 $146 ({Predecessor:} 10. Qxd3 c5 11. Ne2 c4 12. Qc2 Bd6 13. f4 Nbd7 14. Nc3 {½-½ (14) Alshameary Puente,I (2339)-Arizmendi Martinez,J (2508) Lisbon 2018}) 10... Bxc3 11. bxc3 Nc6 12. Qc2 Na5 13. Ba3 Re8 14. Nb2 Ne4 15. Rad1 Qd7 16. Bb4 Nc6 17. Nd3 Nd6 18. Bxd6 $1 cxd6 19. Qa4 Ne5 20. Qxd7 Nxd7 21. Rb1 Rac8 22. Rfc1 Rc4 23. Kf1 Rec8 24. Rb3 f5 25. Ke2 Kf7 26. Kd2 Nf6 27. f3 Ra4 28. Ra1 g5 29. a3 Nh5 30. Rb5 Ke6 31. Nb4 Nf6 32. h3 h5 33. h4 gxh4 {[#] aiming for ...Rg8.} 34. Nd3 Kd7 35. Rb4 Ra5 36. Nf4 Rg8 37. Rb3 (37. a4 $16) 37... h3 $11 38. gxh3 h4 39. Ke2 Rg3 40. Kf2 Ng8 41. Rh1 Rg7 42. Ng2 Rh7 $1 43. Rg1 Ne7 44. Ne1 Ra4 45. Ke2 Ke6 46. Nd3 Kf6 47. Nf4 Ra5 48. Kd3 Rh8 (48... Rh6 {is more complex.} 49. c4 dxc4+ 50. Kxc4 Rh8 51. Ne2 Nd5) 49. Kc2 Rg8 50. Rxg8 Nxg8 $16 {[%mdl 4096] Endgame KRN-KRN} 51. Kb2 Ne7 52. Ka2 Ng6 53. Ng2 Ke6 54. Rb4 Kd7 55. Rb1 Ke6 56. Rg1 Kf6 57. Kb3 Rb5+ 58. Kc2 Ra5 59. Kb3 Rb5+ $1 60. Ka2 Ra5 61. Ne1 Ra4 62. Kb3 Rc4 63. f4 Rc8 64. Kc2 Ne7 65. Nf3 Rh8 66. Rb1 Ke6 67. Kd3 Kd7 68. Rg1 Rh7 69. Ng5 Rg7 70. Nf3 Rh7 71. Ng5 Rg7 72. Nf3 {Precision: White = 67%, Black = 64%.} 1/2-1/2

[Event "46. Sparkassen Chess-Meeting 2018"]
[Site "Dortmund"]
[Date "2018.07.14"]
[Round "1.3"]
[White "Kramnik, Vladimir"]
[Black "Nisipeanu, Liviu-Dieter"]
[Result "1/2-1/2"]
[WhiteElo "2792"]
[BlackElo "2672"]
[Annotator "TA"]
[PlyCount "92"]
[EventDate "2018.07.14"]
[EventType "tourn"]
[EventCountry "GER"]
[SourceTitle "playchess.com"]
[Source "ChessBase"]
[SourceQuality "1"]

{[%evp 26,92,58,58,64,5,18,20,9,13,13,0,25,18,25,14,29,8,11,2,19,1,1,1,6,0,0,0,0,0,0,0,0,0,0,0,0,0,0,0,0,0,0,0,0,0,0,0,0,0,0,0,0,0,0,0,0,0,0,0,0,0,0,0,0,0,0,0,0]} 1. c4 e6 2. Nc3 d5 3. d4 Nf6 4. cxd5 exd5 5. Bg5 c6 6. e3 Bf5 7. Qf3 Bg6 8. Bxf6 Qxf6 9. Qxf6 gxf6 10. Nf3 Nd7 {D35: Damengambit (Abtauschvariante)} 11. Nh4 Be7 12. Ne2 f5 13. g3 Bxh4 14. gxh4 {LiveBook: 3 Partien} Nf6 {[#]} 15. f3 $146 ({Besser ist} 15. Nf4 $14) ({Vorgänger:} 15. Rg1 Ke7 16. Nf4 Nh5 17. Be2 Nxf4 18. exf4 {½-½ (60) Batchuluun,T (2571)-Usmanov,V (2463) St Petersburg 2017}) 15... Ke7 16. Rg1 Nh5 17. Kf2 Rae8 18. b4 f4 19. Nxf4 Nxf4 20. exf4 Kf6 21. a4 Bf5 {Die Stellung ist ausgeglichen.} 22. Ra2 Re7 23. Re2 (23. Be2 {with more complications.} Bd7 24. b5 Rhe8 25. Bd3 Bf5 26. Bxf5 Kxf5 27. h5) 23... Rxe2+ 24. Bxe2 $11 {[%mdl 4096] Endspiel KTL-KTL} a6 25. Ke3 h6 26. Kd2 Ra8 27. a5 Re8 28. h5 Rc8 29. Ke3 Re8+ 30. Kf2 Rc8 31. Ke1 Re8 32. Kd2 Rc8 33. Bd3 (33. Bf1 {looks sharper.} Re8 34. Rg2 Be6 35. Bd3 Bd7 36. Re2) 33... Bxd3 34. Kxd3 {KT-KT} Re8 35. h4 Rc8 36. Ke3 Re8+ 37. Kf2 Rc8 38. Re1 Ra8 39. Re5 Rb8 40. Re3 Ra8 41. f5 Rc8 42. Re1 Rd8 43. Kg3 Rc8 44. Kf2 Rd8 45. Kg3 Rc8 46. Kf2 Rd8 {Precision: Weiß = 42%, Schwarz = 83%.} 1/2-1/2

[Event "46. Sparkassen Chess-Meeting 2018"]
[Site "Dortmund"]
[Date "2018.07.14"]
[Round "1.4"]
[White "Nepomniachtchi, Ian"]
[Black "Giri, Anish"]
[Result "1/2-1/2"]
[WhiteElo "2757"]
[BlackElo "2782"]
[Annotator "TA"]
[PlyCount "120"]
[EventDate "2018.07.14"]
[EventType "tourn"]
[EventCountry "GER"]
[SourceTitle "playchess.com"]
[Source "ChessBase"]
[SourceQuality "1"]

{[%evp 22,120,20,0,9,17,8,0,17,0,16,0,2,4,25,25,94,13,66,64,69,45,45,35,45,33,49,35,212,52,53,0,51,46,27,39,31,0,0,0,0,0,0,0,0,0,0,0,0,0,0,0,0,0,0,0,0,0,0,0,0,0,2,0,0,0,0,0,10,0,0,0,1566,700,439,0,0,0,0,0,0,0,0,0,0,0,0,0,0,0,0,0,0,0,0,0,0,0,0,0,0]} 1. e4 e5 2. Nf3 Nf6 3. Nxe5 d6 4. Nf3 Nxe4 5. d4 d5 6. Bd3 Bf5 7. O-O Be7 8. Re1 O-O 9. Nc3 {C42: Petroff Defence: 3 Nxe5 and unusual White 3rd moves} (9. c4 Nc6 10. cxd5 Qxd5 11. Nc3 Nxc3 12. bxc3 Rae8 13. Bf4 Bxd3 14. Qxd3 Bd6 15. c4 Qh5 16. Bxd6 cxd6 17. Qa3 Qa5 18. Qxd6 Rxe1+ 19. Rxe1 {½-½ (29) Anand,V (2767)-Wei,Y (2743) Wijk aan Zee 2018}) 9... Nxc3 10. bxc3 Bxd3 11. Qxd3 Nc6 12. Re2 {LiveBook: 10 Games} a6 13. Bf4 Qd7 14. Rae1 Rfe8 15. h4 $146 ({Predecessor:} 15. g3 h6 16. h4 Bd6 17. Bxd6 Rxe2 18. Rxe2 Qxd6 {½-½ (76) Malinovsky,K (2396)-Brecka,I (2323) Czechia 2013}) 15... h6 16. Qe3 b5 17. h5 Rac8 18. Nh2 b4 {[#]} (18... Rb8 $11) 19. Qg3 (19. Bxh6 $1 $16 {Strongly threatening Qg3.} gxh6 20. Qxh6) 19... Bd6 (19... Kh8 $11) 20. Ng4 $1 $14 Kh8 {Hoping for ...Rxe2.} 21. Rxe8+ (21. Bxd6 {is interesting.} Rxe2 22. Rxe2 cxd6 23. Qf4 Kh7 24. cxb4 Nxb4 25. Ne3) 21... Rxe8 22. Rxe8+ Qxe8 23. Bxd6 cxd6 24. Qxd6 Qe1+ 25. Kh2 Qe6 26. Qf8+ Kh7 27. Ne3 $1 bxc3 28. Qc5 Qf6 $1 29. Qxc3 Qxf2 30. Qxc6 Qf4+ 31. g3 Qxe3 32. Qxd5 $11 {[%mdl 4096] Endgame KQ-KQ} Qf2+ 33. Kh3 Qxc2 34. Qxf7 Qc8+ 35. Kg2 Qc2+ 36. Qf2 Qe4+ 37. Kg1 a5 38. a4 Kg8 39. Qa2+ Kf8 40. Qc4 Qg4 41. Qc5+ Kg8 $1 42. Qd5+ Kh7 43. Kf2 Qd1 44. Qe4+ Kg8 $1 45. Qe6+ Kh7 46. d5 {[%cal Bd4d5,Bd5d6,Bd6d7][%mdl 32] d6 is the strong threat.} Qxa4 $2 {[%mdl 8192] [#]} (46... Qd2+ $11 47. Kf3 Qd3+ 48. Kf4 Qd2+ 49. Qe3 Qb2 50. Qd3+ (50. Qe4+ Kh8 $16) 50... Kg8) 47. d6 $1 $18 Qc2+ 48. Kf3 $2 (48. Ke3 $18 {Intending Qe4+ and mate.} Qc3+ 49. Ke4 Qb4+ 50. Kf3 Qc3+ 51. Qe3 Qf6+ 52. Qf4 Qc3+ 53. Qe3 Qf6+ 54. Qf4) 48... Qd3+ {The position is equal.} 49. Kg2 Qc2+ $1 50. Kh3 Qc6 $1 51. Qf5+ Kg8 52. d7 Qd6 $1 53. Kh2 a4 54. Qg4 {Black must now prevent Qc4+.} Kf7 55. Qxa4 Ke7 56. Qe4+ (56. Kh3 {looks sharper.} Qxd7+ 57. Qxd7+ Kxd7) 56... Kxd7 57. Qg4+ Ke8 58. Qxg7 Qd2+ 59. Kh3 Qd7+ 60. Qg4 Kd8 {Precision: White = 51%, Black = 78%.} 1/2-1/2

[Event "46. Sparkassen Chess-Meeting 2018"]
[Site "Dortmund"]
[Date "2018.07.15"]
[Round "2"]
[White "Wojtaszek, Radoslaw"]
[Black "Kramnik, Vladimir"]
[Result "1/2-1/2"]
[WhiteElo "2733"]
[BlackElo "2792"]
[Annotator "TA"]
[PlyCount "93"]
[EventDate "2018.07.14"]
[EventType "tourn"]
[EventCountry "GER"]
[SourceTitle "playchess.com"]
[Source "ChessBase"]
[SourceQuality "1"]

{[%evp 22,93,16,18,21,27,23,21,22,8,8,8,8,13,15,18,31,0,0,0,0,-8,65,65,65,68,96,64,72,0,0,0,0,0,0,0,0,0,15,8,32,0,0,7,28,0,0,0,0,0,0,0,27,34,54,0,46,94,286,0,260,0,0,0,0,0,0,0,0,0,0,0,0,0]} 1. d4 Nf6 2. c4 e6 3. Nc3 Bb4 4. Nf3 O-O 5. Bg5 c5 6. e3 h6 7. Bh4 cxd4 8. exd4 {E21: Nimzo-Indian: 4 Nf3} d5 9. Rc1 Nc6 10. a3 Be7 11. c5 Ne4 12. Bxe7 {LiveBook: 3 Games} Qxe7 13. Be2 $146 ({Predecessor:} 13. Bb5 Nxc3 14. Rxc3 e5 15. O-O Bg4 16. Bxc6 bxc6 17. dxe5 Bxf3 18. Rxf3 Qxe5 {½-½ (58) Carlsen,M (2855)-Nakamura,H (2787) Leuven 2016}) 13... Rd8 14. O-O e5 15. Nxe5 Nxe5 16. dxe5 Nxc3 17. Rxc3 d4 18. Rc1 Qxe5 19. Bd3 Bf5 20. b4 {[%cal Bb2b4,Bb4a5][%mdl 32]} a5 21. Re1 Qxe1+ ({Better is} 21... Qf6 $11) 22. Qxe1 $14 Bxd3 23. bxa5 Rac8 24. Qe7 Ba6 25. c6 (25. Qh4 $16) 25... Re8 $11 26. Qb4 $1 Rxc6 27. Rxc6 bxc6 {[%mdl 4096] Endgame KQ-KRB} 28. h4 d3 $1 29. Kh2 Kh7 30. Qd6 {White wants to play g4.} Re6 31. Qd7 Rf6 32. Qd4 {next h5 is good for White.} h5 33. a4 Re6 34. Kg3 Rg6+ 35. Kf3 {Hoping for Ke3.} Re6 $1 36. Kg3 g6 37. Qa7 Kg7 $1 38. Qd4+ ({Worse is} 38. Qxa6 Rd6 $17) (38. f4 $14) 38... Kg8 39. Qd8+ Kh7 $2 {[#]} (39... Kg7 $16) 40. Qd4 $2 (40. Qf8 $1 $18 {[%cal Rf8f7]} Rf6 41. f3) 40... Re2 $2 {[%mdl 8192] [#]} (40... Kg8 $11 {and Black is okay.}) 41. Qd7 $2 (41. Qf6 $1 $18) 41... Bc4 $1 {[%cal Rc4d5] The position is equal.} 42. Qxc6 Rc2 43. Qe4 Rc3 {And now ...d2+ would win.} 44. Qd4 Rc2 $1 45. Qe4 {aiming for Kh2.} Rc3 {White must now prevent ...d2+.} 46. Qd4 Rc2 $1 47. Qe4 {Precision: White = 56%, Black = 67%.} 1/2-1/2

[Event "46. Sparkassen Chess-Meeting 2018"]
[Site "Dortmund"]
[Date "2018.07.15"]
[Round "2"]
[White "Nisipeanu, Liviu-Dieter"]
[Black "Duda, Jan-Krzysztof"]
[Result "0-1"]
[WhiteElo "2672"]
[BlackElo "2737"]
[Annotator "TA"]
[PlyCount "64"]
[EventDate "2018.07.14"]
[EventType "tourn"]
[EventCountry "GER"]
[SourceTitle "playchess.com"]
[Source "ChessBase"]
[SourceQuality "1"]

{[%evp 22,64,15,0,28,19,11,16,19,20,27,8,27,0,0,-22,-18,-129,-117,-122,-115,-121,-123,-125,-134,-116,-129,-123,-120,-163,-164,-178,-182,-175,-190,-187,-165,-147,-125,-315,-312,-442,-402,-376,-293]} 1. e4 c5 2. Nf3 d6 3. Bb5+ Bd7 4. Bxd7+ Qxd7 5. O-O Nf6 6. Re1 Nc6 7. c3 e6 8. d4 cxd4 9. cxd4 d5 10. e5 Ng8 {[%cal Bf6g8,Bg8e7,Be7f5][%mdl 32] B52: Sizilianisch (Rossolimo-Variante)} (10... Ne4 11. Nbd2 Nxd2 12. Bxd2 Be7 13. Rc1 O-O 14. Rc3 Rfc8 15. h4 Bd8 16. Rd3 Qc7 17. Ng5 h6 18. Nh3 Ne7 19. Bc3 b5 20. Nf4 Nf5 21. Qg4 Bxh4 22. Nh5 {½-½ (52) Nakamura,H (2769)-Grischuk,A (2766) Paris 2018}) 11. a3 Nge7 12. Nc3 {[%cal Bb1c3,Bc3a4,Ba4c5][%mdl 32] LiveBook: 3 Partien} h5 {Die Stellung ist ausgeglichen.} 13. Bg5 Nf5 14. Rc1 $146 ({Vorgänger:} 14. b4 Be7 15. Bxe7 Qxe7 16. Qd3 g6 17. Rac1 O-O 18. Ne2 {0-1 (46) Lagerman,R (2354)-Gunnarsson,J (2437) Reykjavik 2008}) 14... Be7 15. Bxe7 Qxe7 16. Qd3 O-O-O 17. Na4 Kb8 18. Nc5 g5 {[%cal Bg7g5,Bg5g4][%mdl 32]} 19. Rc3 (19. b4 $11) 19... g4 $17 20. Nd2 Ncxd4 21. Rec1 {[#]} Rc8 $1 22. Nf1 Rc6 23. Ng3 Ka8 24. Nxf5 Nxf5 25. b4 Rhc8 26. a4 b6 27. Nb3 Rxc3 28. Rxc3 Rxc3 29. Qxc3 {[%cal Rc3c8] [#]} Kb7 30. a5 $2 (30. b5 $17) 30... Qd7 31. Nd4 (31. h3 {ist wohl besser.}) 31... Nxd4 $19 32. Qxd4 Qc7 {Precision: Weiß = 32%, Schwarz = 90%.} 0-1

[Event "46. Sparkassen Chess-Meeting 2018"]
[Site "Dortmund"]
[Date "2018.07.15"]
[Round "2"]
[White "Kovalev, Vladislav"]
[Black "Nepomniachtchi, Ian"]
[Result "1/2-1/2"]
[WhiteElo "2655"]
[BlackElo "2757"]
[Annotator "TA"]
[PlyCount "180"]
[EventDate "2018.07.14"]
[EventType "tourn"]
[EventCountry "GER"]
[SourceTitle "playchess.com"]
[Source "ChessBase"]
[SourceQuality "1"]

{[%evp 22,180,0,-4,0,0,0,0,0,0,0,0,0,0,0,0,0,0,0,-25,0,-35,-38,-37,0,0,0,0,0,0,0,0,0,0,0,0,0,0,0,0,31,0,0,19,58,30,30,30,30,30,30,30,30,30,30,30,30,30,30,30,30,30,30,0,30,30,30,30,30,30,30,30,30,30,30,30,30,30,30,30,32,32,56,56,56,56,56,42,36,30,30,30,30,30,30,30,30,30,30,30,30,30,30,30,30,30,30,30,30,30,30,30,30,30,30,30,30,30,30,30,87,53,53,60,87,87,87,87,87,87,97,97,99,30,87,87,87,87,86,86,97,30,30,30,97,3,17,17,31,0,0,0,0,0,0,0,0,0,0,0,0]} 1. e4 c5 2. Nf3 d6 3. Bb5+ Nd7 4. O-O a6 5. Bd3 Ngf6 6. Re1 g6 7. c3 Bg7 8. Bf1 b5 {B50: Sicilian: 2...d6, Miscellaneous} 9. d4 cxd4 10. cxd4 Bb7 11. e5 dxe5 12. dxe5 {LiveBook: 3 Games} Nd5 13. a4 {[#]} (13. e6 fxe6 14. Ng5 Nc5 15. Qf3 Rf8 16. Qh3 {½-½ (40) Navara,D (2737)-Nepomniachtchi,I (2751) Saint Louis 2017}) 13... b4 $146 ({Predecessor:} 13... bxa4 14. Qxa4 N5b6 15. Qg4 O-O 16. e6 Bxf3 17. Qxf3 fxe6 {1-0 (39) Belov,V (2561)-Khismatullin,D (2613) Zvenigorod 2008}) 14. Nbd2 O-O 15. Nb3 e6 16. Bg5 Qb6 17. a5 Qc7 {[%cal Rd7e5]} 18. Rc1 Qb8 {[%cal Rd7e5]} 19. Qd4 h6 20. Bd2 Rd8 21. Nc5 Nxc5 22. Qxc5 Bf8 23. Qc4 Ne7 24. Nd4 Qa7 25. Be3 Nd5 26. Nxe6 Nxe3 27. Rxe3 {Hoping for Qf4.} Bd5 28. Nxd8 Bxc4 29. Nc6 Qd7 30. Rxc4 Re8 31. Nxb4 (31. Rd3 $5 {[%cal Rd3d7]} Qf5 32. b3 $14) 31... Bxb4 32. Rxb4 Rc8 33. Rc4 ({But not} 33. Bxa6 $2 Rc1+ 34. Bf1 Qd1 $19) (33. e6 $5 fxe6 34. Rd3 $14 (34. Bxa6 $2 Rc1+ 35. Bf1 Qd1 $19)) 33... Rxc4 34. Bxc4 $11 {[%mdl 4096] Endgame KQ-KRB} Qc7 35. Bxa6 {And now b4 would win.} Qxa5 36. Bf1 Kg7 37. b3 Qa3 38. h4 g5 39. hxg5 hxg5 40. g3 Qb2 41. Kg2 Qd4 42. Be2 Qd5+ 43. Bf3 Qb5 44. Kg1 Qb4 45. Bd5 Qd4 46. Bc4 Qa1+ 47. Kg2 Qd4 48. e6 fxe6 49. Rxe6 Qc5 50. Kg1 Qd4 51. Re7+ Kf6 52. Rb7 Qd6 53. Rb5 Qd2 54. Bf1 Ke7 55. b4 Kd8 56. Kg2 g4 57. Kg1 Qd4 58. Rb7 Kc8 59. Rf7 Qxb4 60. Rf4 Qb1 61. Rxg4 Kd7 62. Kg2 Ke7 63. Rf4 Qb7+ 64. Kh2 Qb2 65. Bh3 Qd2 66. Bg4 Qb2 67. Kh3 Qh8+ 68. Kg2 Qb2 69. Bf3 Qd2 70. Be4 Ke6 (70... Qd4 $11) 71. Kh3 $1 $16 Qb2 72. Kh4 Ke7 73. Kg5 Qe5+ 74. Kh6 Qa1 75. Bg6 Qh1+ 76. Bh5 Qc1 77. Bg4 (77. Kg6 $16) 77... Qh1+ (77... Qc7 $11) 78. Kg6 $1 Qc6+ 79. Kg7 Qc3+ {[#]} 80. Kh7 $1 Qa1 81. Kg6 ({Better is} 81. Bh5 $16) 81... Qa6+ $11 82. Kg5 Qa8 {[#]} (82... Qa5+ $1 $11 {remains equal.} 83. Bf5 Qd2) 83. f3 (83. Bh5 $1 $16) 83... Qg8+ 84. Kh4 Qa2 85. Rf5 Qh2+ {The position is equal.} 86. Bh3 Qb2 87. g4 Qh2 88. g5 Qf2+ 89. Kg4 {aiming for g6.} Qg1+ 90. Kh5 {Threatens to win with g6.} Qh2 {Precision: White = 69%, Black = 67%.} 1/2-1/2

[Event "46. Sparkassen Chess-Meeting 2018"]
[Site "Dortmund"]
[Date "2018.07.15"]
[Round "2"]
[White "Meier, Georg"]
[Black "Giri, Anish"]
[Result "1/2-1/2"]
[WhiteElo "2628"]
[BlackElo "2782"]
[Annotator "TA"]
[PlyCount "56"]
[EventDate "2018.07.14"]
[EventType "tourn"]
[EventCountry "GER"]
[SourceTitle "playchess.com"]
[Source "ChessBase"]
[SourceQuality "1"]

{[%evp 29,56,16,14,0,0,0,0,0,0,0,0,0,6,0,0,0,0,0,0,0,0,0,-1,-4,-4,-2,-4,-2,0]} 1. Nf3 d5 2. g3 Nf6 3. Bg2 e6 4. O-O Be7 5. c4 O-O 6. d4 dxc4 7. Ne5 Nc6 8. Bxc6 bxc6 9. Nxc6 Qe8 10. Nxe7+ Qxe7 11. Qa4 e5 12. dxe5 {E05: Open Catalan: 5 Nf3 Be7} Qxe5 13. Nc3 (13. Qxc4 Be6 14. Qc2 Bf5 15. Qd2 Bh3 16. Re1 Rad8 17. Qc3 Qd5 18. f3 Rfe8 19. Na3 Qb7 20. Nc2 Qa6 21. Be3 {1-0 (39) Meier,G (2628)-Dominguez Perez,L (2739) chess.com INT 2018}) 13... Ne4 14. Qxc4 Nxc3 15. bxc3 Be6 {LiveBook: 7 Games. The position is equal.} 16. Bf4 (16. Qd3 {looks sharper.} Rad8 17. Bf4 Qh5 18. Qe3 Rfe8 19. Rfd1) 16... Bxc4 17. Bxe5 c6 18. Rfe1 Rfe8 19. Bd4 Bxe2 20. a4 $146 ({Predecessor:} 20. a3 a6 {½-½ (20) Valls Casas,J (2088)-Tscharotschkin,M (2179) Calvia 2010}) 20... a5 21. Kg2 h5 22. f3 Bc4 23. g4 hxg4 24. fxg4 Rxe1 25. Rxe1 Bb3 26. Bb6 Bxa4 27. Ra1 Bb3 {Black wants to play ...a4.} 28. Rxa5 Rxa5 1/2-1/2

[Event "46. Sparkassen Chess-Meeting 2018"]
[Site "Dortmund"]
[Date "2018.07.17"]
[Round "3"]
[White "Kramnik, Vladimir"]
[Black "Meier, Georg"]
[Result "1/2-1/2"]
[WhiteElo "2792"]
[BlackElo "2628"]
[Annotator "TA"]
[PlyCount "97"]
[EventDate "2018.07.14"]
[EventType "tourn"]
[EventCountry "GER"]
[SourceTitle "playchess.com"]
[Source "ChessBase"]
[SourceQuality "1"]

{[%evp 19,97,27,33,25,31,25,33,40,36,37,25,27,28,26,29,25,28,34,28,35,35,24,35,23,30,28,33,4,2,0,2,0,0,0,12,10,10,8,11,5,11,5,2,0,0,-37,0,-21,0,0,0,0,14,8,52,48,53,55,62,9,0,0,57,55,58,0,0,0,0,0,0,0,8,-22,0,0,8,-22,0,0]} 1. e4 e6 2. d4 d5 3. Nc3 dxe4 4. Nxe4 Nd7 5. Nf3 Ngf6 6. Nxf6+ Nxf6 7. c3 c5 8. Be3 {C10: French with 3 Nc3: Unusual Black 3rd moves and 3...dxe4} Qc7 (8... cxd4 9. Bxd4 Be7 10. Bd3 O-O 11. Qc2 h6 12. O-O-O Qa5 13. Kb1 Rd8 14. Ne5 Bd7 15. Qe2 Bc6 16. Rhe1 Bd5 17. c4 Bxg2 18. Bc3 Qb6 19. Rg1 Bc6 20. Nxf7 Kxf7 21. Rxg7+ Kxg7 22. Qxe6 Qxf2 23. Qxe7+ Kg8 24. Bh7+ {1-0 (24) So,W (2773)-Akobian,V (2615) Saint Louis 2016 CBM 172 [Roiz,M]}) 9. Bb5+ Bd7 10. Bxd7+ Nxd7 {LiveBook: 6 Games} 11. d5 exd5 $146 ({Predecessor:} 11... e5 12. Qc2 Bd6 13. Nd2 O-O 14. Ne4 c4 15. Rd1 Rfd8 {0-1 (89) Svetushkin,D (2618)-Drozdovskij,Y (2567) Port Erin 2007}) 12. Qxd5 {aiming for 0-0-0.} Nf6 13. Qc4 {[#] Threatens to win with 0-0-0.} Bd6 14. Bg5 Qe7+ 15. Kf1 O-O 16. Re1 Qd8 17. g3 h6 18. Bxf6 Qxf6 19. Kg2 Rfd8 20. Re4 Qf5 21. Rd1 Qc8 22. Rd5 Qc7 23. g4 Bf8 24. Rde5 g6 25. h4 Bd6 26. Rd5 Bf8 27. Rxd8 Rxd8 28. h5 {Black must now prevent hxg6.} gxh5 29. gxh5 Qc6 30. Rg4+ Bg7 31. Rg3 Rd5 32. Qh4 b5 33. b3 Qe6 34. c4 bxc4 35. bxc4 Rd3 36. Rg4 Rc3 37. Qg3 $1 Qf6 38. Qb8+ Kh7 39. Qb1+ ({White should play} 39. Rf4 $14 Qe7 40. Qb1+ Kh8 41. Qf5) 39... Kh8 $11 40. Qb8+ (40. Nh4 $11 Qc6+ 41. Kg1) 40... Kh7 $14 41. Rf4 $1 {[%cal Rf4f6]} Qe6 42. Qb1+ (42. Qxa7 $14 Rxc4 43. Qxf7 Qxf7 44. Rxf7) 42... Kg8 $11 {The position is equal.} 43. Re4 Qc8 44. a4 Bd4 45. Rf4 Be5 46. Rf5 Bg7 47. Rf4 Be5 48. Rf5 Bg7 49. Rf4 {Precision: White = 64%, Black = 49%.} 1/2-1/2